Euskal Echea. La génesis de un sueño, 1899-1950, Llavallol
Gorde:
| Egile Nagusiak: | , |
|---|---|
| Formatua: | Liburua |
| Hizkuntza: | gaztelania |
| Argitaratua: |
San Sebastián
Eusko Jaurlaritza
2003
|
| Saila: | Colección Urazandi Bilduma, 15
|
| Gaiak: | |
| Etiketak: |
Etiketa erantsi
Etiketarik gabe, Izan zaitez lehena erregistro honi etiketa jartzen!
|
MARC
| LEADER | 00000nam a2200000 a 4500 | ||
|---|---|---|---|
| 001 | UCL5875 | ||
| 003 | CL-VaPUC | ||
| 008 | 040319e20030000sp |||||||||||||||||spa|d | ||
| 020 | |a 8445720112 | ||
| 082 | 0 | 4 | |a 303.482 |b IRI |2 21 |
| 100 | |a Iriani Zalakain, Marcelino |e author |9 483617 | ||
| 700 | 0 | |a Alvarez Gila, Oscar |e author |9 483618 | |
| 245 | 1 | 0 | |a Euskal Echea. La génesis de un sueño, 1899-1950, Llavallol |
| 300 | |a 317 p | ||
| 942 | |c BK | ||
| 945 | |d 20040319 00:00:00 |a cmena | ||
| 260 | |a San Sebastián |b Eusko Jaurlaritza |c 2003 | ||
| 600 | 0 | 7 | |a COMUNIDAD VASCA |2 CL-VaPUC |9 483619 |
| 600 | 0 | 7 | |a EUSKAL ECHEA |2 CL-VaPUC |9 483620 |
| 650 | 0 | |a Influencia social |9 309315 | |
| 650 | 0 | |a Emigración |9 343094 | |
| 650 | 0 | |a Cambio social |9 256857 | |
| 650 | 0 | |a Costumbres y tradiciones |9 268292 | |
| 650 | 0 | |a Desarrollo económico y social |9 256320 | |
| 651 | 7 | |a LLAVALLOL |2 CL-VaPUC |9 483621 | |
| 651 | 0 | |a Argentina |9 254888 | |
| 583 | |a last modification |c 20150507 04:17:26 |k Rodrigo Vera | ||
| 490 | 0 | |a Colección Urazandi Bilduma, 15 | |
| 999 | |c 308255 |d 308253 | ||
| 952 | |0 0 |1 0 |4 0 |6 303_482000000000000_IRI_2003 |7 0 |8 A |9 374599 |a BIBHIS |b BIBHIS |d 2019-11-21 |i 3988066 |o 303.482 IRI 2003 |p 3988066 |r 2025-01-20 |w 2019-11-21 |y BK |k HIS | ||